All countries the Axis Powers would occupy - Statistics

General Stats
  • This quiz has been taken 24 times
  • The average score is 43 of 57
Answer Stats
Hint Answer % Correct
Italy Croatia
95%
Germany Finland
95%
Germany, Italy, and Bulgaria Serbia
95%
Germany Latvia
91%
Germany Lithuania
91%
Bulgaria Macedonia
91%
Germany Netherlands
91%
Germany Norway
91%
Japan, Italy, & Germany Russia
91%
Germany Russian Kaliningrad
91%
Germany & Bulgaria Slovakia
91%
Germany Belgium
86%
Italy Bosnia & Herzegovina
86%
Germany Estonia
86%
Germany & Italy France
86%
Germany & Italy Greece
86%
Germany Luxembourg
86%
Germany Poland
86%
Italy Albania
82%
Germany Austria
82%
Japan Brunei
82%
Germany & Bulgaria Czech Republic
82%
Germany Denmark
82%
Italy Egypt
82%
Germany Belarus
77%
Japan & Thailand Cambodia
77%
Italy & Japan China
77%
Italy Ethiopia
77%
Japan Indonesia
77%
Italy Kosovo
77%
Japan & Thailand Malaysia
77%
Japan & Thailand Myanmar
77%
Japan North Korea
77%
Japan Philippines
77%
Japan South Korea
77%
Japan Taiwan
77%
Germany & Romania Ukraine
77%
Japan Vietnam
77%
Italy Eritrea
73%
Germany Germany
73%
Japan & Thailand Laos
73%
Italy Libya
73%
Germany & Romania Moldova
73%
Italy Montenegro
73%
Japan Singapore
73%
Japan Thailand
73%
Japan Papua New Guinea
68%
Italy Tunisia
68%
Japan Guam
64%
Germany Monaco
64%
Italy Sudan
64%
Japan Mariana Islands
59%
Japan Micronesia
50%
Japan Nauru
45%
Japan Solomon Islands
45%
Italy South Sudan
41%
Italy Somalia & Somaliland
5%
No matching quizzes found
Score Distribution
Percent of People with Each Score
Percentile by Number Answered
Your Score History
You have not taken this quiz